Normal view
MARC view
- Hussaain, Dr Taha
Entry Personal Name
001 - CONTROL NUMBER
- control field: 51379
003 - CONTROL NUMBER IDENTIFIER
- control field: NUST
005 - DATE AND TIME OF LATEST TRANSACTION
- control field: 20210314134951.0
008 - FIXED-LENGTH DATA ELEMENTS
- fixed length control field: 210314|| aca||aabn | a|a d
040 ## - CATALOGING SOURCE
- Original cataloging agency: NUST
- Transcribing agency: NUST
100 ## - HEADING--PERSONAL NAME
- Personal name: Hussaain, Dr Taha
670 ## - SOURCE DATA FOUND
- Source citation: Work cat.: (NUST): Hussaain, Dr Taha , حضرت ابوبکر صدیق رضی الله عنه اور حضرت فا روق اعظم رضی الله عنه, 1989.
